[Event "Berlin-ch MT"]
[Site "Berlin"]
[Date "2019.04.28"]
[Round "9"]
[White "Zschaebitz, Klaus"]
[Black "Sitte, Adrian"]
[Result "0-1"]
[WhiteElo "2024"]
[BlackElo "1967"]
[PlyCount "82"]
[EventDate "2019.04.20"]
[EventType "swiss"]
[EventRounds "9"]
[EventCountry "GER"]
[SourceTitle "EXT 2020"]
[Source "ChessBase"]
[SourceDate "2019.10.17"]
[SourceVersion "1"]
[SourceVersionDate "2019.10.17"]
[SourceQuality "1"]

1. Nf3 Nf6 2. g3 d5 3. Bg2 e6 4. 0-0 g6 5. b3 Bg7 6. Bb2 0-0 7. c4 c5 8. e3 Nc6 9. Qe2 b6 10. cxd5 Nxd5 11. Bxg7 Kxg7 12. Nc3 Ncb4 13. Nxd5 Ba6 14. d3 Nxd5 15. Ne5 f6 16. Nc4 Rb8 17. a3 Qd7 18. Rac1 Rfd8 19. e4 Bxc4 20. dxc4 Ne7 21. e5 f5 22. Rfd1 Qc7 23. f4 Nc6 24. Bxc6 Qxc6 25. Rd3 Rd4 26. Rxd4 cxd4 27. Qd2 Rd8 28. Qd3 Rd7 29. Rc2 Qe4 30. Rd2 a5 31. h4 Qe1+ 32. Kh2 Qa1 33. b4 axb4 34. axb4 Qc1 35. Kg2 Ra7 36. Qxd4 Ra1 37. Qd3 Qh1+ 38. Kf2 Qg1+ 39. Kf3 Rf1+ 40. Qxf1 Qxf1+ 41. Ke3 Qxc4 0-1

[Event "Berlin-ch MT"]
[Site "Berlin"]
[Date "2019.04.23"]
[Round "4"]
[White "Heerde, Thomas"]
[Black "Sitte, Adrian"]
[Result "1-0"]
[WhiteElo "2027"]
[BlackElo "1967"]
[PlyCount "111"]
[EventDate "2019.04.20"]
[EventType "swiss"]
[EventRounds "9"]
[EventCountry "GER"]
[SourceTitle "EXT 2020"]
[Source "ChessBase"]
[SourceDate "2019.10.17"]
[SourceVersion "1"]
[SourceVersionDate "2019.10.17"]
[SourceQuality "1"]

1. Nf3 Nf6 2. g3 d5 3. Bg2 g6 4. 0-0 Bg7 5. d3 0-0 6. Nbd2 c5 7. c4 e6 8. Qc2 b6 9. a3 Nc6 10. Rb1 a5 11. b3 Bb7 12. e3 Rc8 13. Bb2 Qe7 14. Rbd1 e5 15. Rfe1 Rfe8 16. Ng5 h6 17. Nh3 Qd7 18. f4 d4 19. e4 Ng4 20. Nf1 Kh8 21. Bc1 Ne7 22. Nf2 Nxf2 23. Qxf2 Kh7 24. Nd2 Nc6 25. Nf3 Rcd8 26. Qe2 Bc8 27. Kh1 Rf8 28. Bd2 Rde8 29. b4 cxb4 30. axb4 Nxb4 31. Bxb4 axb4 32. Rb1 Qd6 33. Qd2 f5 34. Nh4 exf4 35. gxf4 fxe4 36. Bxe4 Bf5 37. Nxf5 gxf5 38. Bxf5+ Kh8 39. Rxe8 Rxe8 40. Be4 Bf8 41. Rg1 Re7 42. Rg6 Re6 43. Rg1 Re7 44. Ra1 Rf7 45. f5 Rg7 46. Ra8 Rg5 47. Re8 b3 48. Qb2 Kg8 49. Bd5+ Kh7 50. Qxd4 Qa3 51. Re1 Qc5 52. Qe4 Qf2 53. f6+ Kh8 54. Qe6 Bc5 55. Qe8+ Kh7 56. Be4+ 1-0

[Event "Berlin-ch MT"]
[Site "Berlin"]
[Date "2019.04.21"]
[Round "2"]
[White "Schliebener, Stephan"]
[Black "Sitte, Adrian"]
[Result "1-0"]
[WhiteElo "2126"]
[BlackElo "1967"]
[PlyCount "55"]
[EventDate "2019.04.20"]
[EventType "swiss"]
[EventRounds "9"]
[EventCountry "GER"]
[SourceTitle "EXT 2020"]
[Source "ChessBase"]
[SourceDate "2019.10.17"]
[SourceVersion "1"]
[SourceVersionDate "2019.10.17"]
[SourceQuality "1"]

1. d4 e6 2. Bf4 Nf6 3. e3 Bd6 4. Bg5 Be7 5. Bd3 d5 6. Nd2 b6 7. Qe2 a5 8. Ngf3 Ba6 9. c4 0-0 10. h4 Nbd7 11. Ne5 Nxe5 12. dxe5 Nd7 13. f4 f6 14. exf6 Nxf6 15. 0-0-0 c6 16. g4 b5 17. cxd5 cxd5 18. Kb1 Qb6 19. Bxf6 Bxf6 20. g5 Bd8 21. Bxh7+ Kf7 22. e4 b4 23. Qh5+ Ke7 24. exd5 exd5 25. Rhe1+ Kd7 26. Rc1 Be7 27. Nf3 Rxf4 28. Ne5+ 1-0

[Event "Berlin-ch QT"]
[Site "Berlin"]
[Date "2018.04.07"]
[Round "8"]
[White "Huels, Marco"]
[Black "Sitte, Adrian"]
[Result "1/2-1/2"]
[WhiteElo "1988"]
[BlackElo "1821"]
[PlyCount "36"]
[EventDate "2018.03.31"]
[EventType "swiss"]
[EventRounds "9"]
[EventCountry "GER"]
[SourceTitle "EXT 2020"]
[Source "ChessBase"]
[SourceDate "2019.10.17"]
[SourceVersion "1"]
[SourceVersionDate "2019.10.17"]
[SourceQuality "1"]

1. e4 e6 2. d3 d5 3. Qe2 Be7 4. Nf3 Nf6 5. g3 0-0 6. Bg2 c5 7. 0-0 Nc6 8. e5 Nd7 9. c4 Nb6 10. h4 Bd7 11. Nc3 Nd4 12. Nxd4 cxd4 13. Nb1 dxc4 14. Bxb7 Rb8 15. Be4 f5 16. exf6 Bxf6 17. dxc4 Qc7 18. Na3 Na4 1/2-1/2

[Event "Berlin-ch QT"]
[Site "Berlin"]
[Date "2018.04.02"]
[Round "3"]
[White "Kostic, Ivan"]
[Black "Sitte, Adrian"]
[Result "0-1"]
[WhiteElo "1766"]
[BlackElo "1821"]
[PlyCount "44"]
[EventDate "2018.03.31"]
[EventType "swiss"]
[EventRounds "9"]
[EventCountry "GER"]
[SourceTitle "EXT 2020"]
[Source "ChessBase"]
[SourceDate "2019.10.17"]
[SourceVersion "1"]
[SourceVersionDate "2019.10.17"]
[SourceQuality "1"]

1. e4 e6 2. d4 d5 3. exd5 exd5 4. Bd3 Bd6 5. Nf3 Nc6 6. Bg5 Nge7 7. Nc3 f6 8. Bh4 Bg4 9. Nb5 Bf4 10. h3 Bh5 11. g3 a6 12. gxf4 axb5 13. Bxb5 Nf5 14. Bxc6+ bxc6 15. Bg3 Qe7+ 16. Kf1 Qe4 17. Kg2 Nxd4 18. Re1 Bxf3+ 19. Qxf3 Nxf3 20. Rxe4+ dxe4 21. f5 0-0-0 22. Bf4 Nh4+ 0-1

[Event "Berlin-ch qualification"]
[Site "Berlin-Lichtenrade"]
[Date "2011.04.23"]
[Round "1.7"]
[White "Mueller, Reinhard"]
[Black "Sitte, Adrian"]
[Result "1-0"]
[WhiteElo "2075"]
[BlackElo "1737"]
[PlyCount "81"]
[EventDate "2011.04.23"]
[EventType "swiss"]
[EventRounds "9"]
[EventCountry "GER"]
[SourceTitle "EXT 2022"]
[Source "ChessBase"]
[SourceDate "2021.10.06"]
[SourceVersion "1"]
[SourceVersionDate "2021.10.06"]
[SourceQuality "1"]

1. e4 e5 2. Nc3 Nf6 3. f4 d5 4. fxe5 Nxe4 5. d3 Qh4+ 6. g3 Nxg3 7. Nf3 Qh5 8. Nxd5 Nxh1 9. Nxc7+ Kd8 10. Nxa8 Be7 11. Be3 g5 12. Bg2 g4 13. Bxh1 gxf3 14. Qxf3 Bh4+ 15. Kd2 Qxe5 16. Qe4 Nd7 17. Qxe5 Nxe5 18. Bxa7 Ng4 19. Bb6+ Ke7 20. Nc7 Nxh2 21. c4 Bg4 22. Nd5+ Kd7 23. Be3 f5 24. c5 Nf3+ 25. Kc3 Re8 26. Bf4 Kc6 27. Kc4 Re2 28. Rf1 Rc2+ 29. Nc3 Rf2 30. Rxf2 Bxf2 31. d4 Kd7 32. d5 Nh4 33. c6+ bxc6 34. dxc6+ Kc8 35. Nd5 Ng6 36. Bd6 Be2+ 37. Kc3 Bb5 38. Nb4 Bh4 39. Kd4 Bf6+ 40. Kc5 Be2 41. Bd5 1-0